000 00571nam a2200181Ia 4500
008 090124s9999 xx 000 0 und d
082 _b44763
100 _aजावडेकर मुरलीधर
245 _a स्वातंत्र्यवीर
250 _a0
260 _c2004
300 _a46
600 _aजावडेकर मुरलीधर
630 _a स्वातंत्र्यवीर
700 _aजावडेकर मुरलीधर
730 _a स्वातंत्र्यवीर
942 _cBOOK
999 _c110971
_d110971